000 00276nam a2200097Ia 4500
001 1229020
005 20250827093053.0
008 250824s9999 xx 000 0 und d
245 0 _aAH ŞU TELEVİZYON
_cGÜLTEN DAYIOĞLU
260 _bALTIN KİTAPLAR YAYINLARI
999 _c1229020
_d1229020